Logística inteligente : (Registro nro. 21738)

Detalles MARC
000 -Cabecera
Campo de control interno 00994nam a2200241Ia 4500
005 - Fecha y hora del registro
control field 20260407114813.0
008 - Elementos de Longitud Fija
fixed length control field 260320s9999||||xx |||||||||||||| ||und||
020 ## - ISBN
ISBN 9789585083448
041 ## - Idioma
Codigo Idioma ESP
082 ## - DEWEY y NOTACIÓN INTERNA
Dewey 658.5
Notación Interna S55
100 ## - AUTOR
Autor denominación Silvera Escudero, Rodolfo Enrique,
Término de relación autor
245 #0 - TÍTULO DE MATERIAL BIBLIOGRÁFICO
Título Logística inteligente :
Título paralelo estrategias para la automatización y eficiencia
250 ## - EDICIÓN
Edición Primera edición
260 ## - CIUDAD, EDITORIAL, AÑO
Ciudad Bogotá :
Nombre de la Editorial Ecoe Ediciones,
Año 2024
300 ## - DESCRIPCIÓN
N° Páginas 185 páginas :
Otros detalles ilustraciones, tablas ;
Dimensiones 24 cm.
440 ## - MENCIÓN DE SERIE
Título de la Serie (Economía, finanzas, empresa y gestión. Gestión de la distribución y la logística)
650 ## - TEMAS
Temas Tecnología (Ciencias Aplicadas)
653 ## - DESCRIPTORES
Lenguajes no controlado Logística empresarial; Logística digital; Gestión de la cadena de suministro; Automatización de la cadena de suministro
654 ## - PROGRAMAS
Programa Dpto. de Administración de Negocios
856 ## - URL - UBICACIÓN
URI/URL: Enlace exacto del recurso <a href="https://ebookcentral-proquest-com.ucsp.lookproxy.com/lib/catolicasp/home.action">https://ebookcentral-proquest-com.ucsp.lookproxy.com/lib/catolicasp/home.action</a>
Nota pública: Versión digital <a href="Véase además: Base de datos ProQuest Ebook Central">Véase además: Base de datos ProQuest Ebook Central</a>
942 ## - ELEMENTOS DE KOHA
Tipo de documento Libro
Nombre del creador Justo Noguera
Código de catalogador Margarita Torres
Esquema de clasificación Dewey Decimal Classification
Existencias
Codigo completo Registro Colección Copia número Disponibilidad Tipo de préstamo Biblioteca Actual Procedencia (Biblioteca) Ubicacón Fecha Ingreso Tipo de Adquisición Date last seen Total checkouts Price effective from Tipo de Item Estado del Material Fuente de Clasificación Damaged status Withdrawn status
658.5 S55 1085291 Universidad Católica San Pablo 1 Disponible Disponible Víctor Andrés Belaunde Víctor Andrés Belaunde Primer piso 07/04/2026 Compra 07/04/2026   07/04/2026 Libro Bueno Dewey Decimal Classification